After globalization: (Record no. 21078)

MARC details
000 -LEADER
fixed length control field 00917nas a2200241 4500
005 - DATE AND TIME OF LATEST TRANSACTION
control field 20080925050328.0
008 - FIXED-LENGTH DATA ELEMENTS--GENERAL INFORMATION
fixed length control field 750824c19479999nyuqr p 0 a0eng d
010 ## - LCCN (DPL NO)
LC control number ENG-92546
020 ## - INTERNATIONAL STANDARD BOOK NUMBER
Terms of availability 500.00
International Standard Book Number 8184242808
020 ## - INTERNATIONAL STANDARD BOOK NUMBER
Terms of availability 500.00
International Standard Book Number 9788184242804
035 ## - SYSTEM CONTROL NUMBER
System control number EN-76079
037 ## - SOURCE OF ACQUISITION
Source of stock number/acquisition DBAD / PUB
040 ## - CATALOGING SOURCE
Original cataloging agency dpl
Language of cataloging English
082 ## - DEWEY DECIMAL CLASSIFICATION NUMBER
Classification number 303.482
245 ## - TITLE STATEMENT
Title After globalization:
Statement of responsibility, etc edited by Jyotirmaya Tripathy
Remainder of title essays in religion, culture and identity /
260 ## - PUBLICATION, DISTRIBUTION, ETC. (IMPRINT)
Place of publication, distribution, etc New Delhi
Name of publisher, distributor, etc Allied Publishers
Date of publication, distribution, etc 2007
300 ## - PHYSICAL DESCRIPTION
Extent v, 164p.
Dimensions 24cm (Hb)
500 ## - GENERAL NOTE
General note Includes bibliographical references
650 ## - SUBJECT ADDED ENTRY--TOPICAL TERM
Topical term or geographic name as entry element Globalization
General subdivision Social aspects.
700 ## - ADDED ENTRY--PERSONAL NAME
Personal name Tripathy, Jyotirmaya
942 ## - ADDED ENTRY ELEMENTS (KOHA)
Source of classification or shelving scheme Dewey Decimal Classification
Item type English Books
Call number suffix AFT
Classification part 303.482
Holdings
Withdrawn status Lost status Source of classification or shelving scheme Damaged status Not for loan Collection code Home library Current library Date acquired Source of acquisition Cost, normal purchase price Total Checkouts Full call number Barcode Date last seen Copy number Cost, replacement price Koha item type
    Dewey Decimal Classification   Not For Loan Non-fiction D.B.Act.Division D.B.Act.Division 16/01/2009 DBAD / PUB 500.00   303.482 AFT EN-76079 16/01/2009 1 500.00 English Books

© Delhi Public Library
Hit Counter
free hit counter